| 000 | 00546cam a2200205 a 4500 | ||
|---|---|---|---|
| 001 | 1404322 | ||
| 005 | 20231130052400.0 | ||
| 008 | 830602s1982 ii 001 0 eng | ||
| 040 |
_aDLC _cDLC _dDLC |
||
| 082 | 0 | 0 |
_a305.4/2/0954 _219 _bKAM. |
| 100 | 1 | _aChattopadhyaya, Kamaladevi, | |
| 245 | 1 | 0 |
_aIndian women's battle for freedom / _cKamaladevi Chattopadhayay. |
| 250 | _a1st | ||
| 260 |
_aNew Delhi : _bAbhinav, _c1983 , 1982 |
||
| 300 | _a134 p. ; | ||
| 500 | _aIncludes index. | ||
| 650 | 0 | _aWomen's rights | |
| 650 | 0 | _aWomen | |
| 942 | _cL | ||
| 999 |
_c104 _d104 |
||